|
|
|
|
| LEADER |
00875nam a2200241 u 4500 |
| 001 |
10022048 |
| 003 |
upatras |
| 005 |
20210117205620.0 |
| 008 |
990517s1998 uk eng |
| 020 |
|
|
|a 0471971235
|
| 040 |
|
|
|a GR-PaULI
|c GR-PaULI
|
| 041 |
0 |
|
|a eng
|
| 082 |
0 |
4 |
|a 337.142
|
| 245 |
1 |
0 |
|a The new Europe
|b economy, society and environment
|c edited by David Pinder
|
| 260 |
|
|
|a Chichester
|b John Wiley & Sons
|c 1998
|
| 300 |
|
|
|a ix, 494 p.
|b fig.
|c 25 cm.
|
| 504 |
|
|
|a Includes references
|
| 700 |
1 |
|
|a Pinder, David
|4 edt
|9 147062
|
| 852 |
|
|
|a GR-PaULI
|b ΠΑΤΡΑ
|b ΒΚΠ
|b ΒΣ1
|k ΑΣΧΞ
|h 337.142 PIN
|m 043740
|p 025000056626
|t 1
|
| 942 |
|
|
|2 ddc
|c BK15
|
| 952 |
|
|
|0 0
|1 0
|4 0
|6 337_142000000000000_PIN
|7 0
|9 185702
|a LISP
|b LISP
|c BSC
|d 2016-04-24
|i 043740
|l 0
|o 337.142 PIN
|p 025000056626
|r 2016-04-24 00:00:00
|t 1
|w 2016-04-24
|y BK15
|
| 998 |
|
|
|c ΣΥΨΑ
|d 1999-05
|
| 999 |
|
|
|c 114421
|d 114421
|